000 00332pab a2200145 454500
008 180718b1996 xxu||||| |||| 00| 0 eng d
100 _aRaoot, S.G.
245 _aIRDP: should it be project oriented?
260 _c1996
300 _ap.20,23
362 _aDec
650 _aRural development
773 _aYojana
909 _a32748
999 _c32748
_d32748